Quizzes
Events
Quiz Creation
Community
Videos
Private Events
Remove Ads
Sign In
Join for FREE
Feedback
Dark Mode
Quiz Categories
Sports
Geography
Music
Movies
Television
Just For Fun
Miscellaneous
History
Literature
Language
Science
Gaming
Entertainment
Religion
Holiday
For Kids
Quiz Lab
Recent
Popular Today
Quiz Kudos Today
Editor Picks
Curator Picks
Quizzes by...
Day
Popularity
Type
Ratings
Length
Year
Community
Subscriptions
Recent Discussions
Orange Saloon
Badges
Playlists
Quests
Create
Leaderboards
Showdown
Live 5
Trivia Bingo
Activity
Puzzle Library
Sporcle Events
Private Events
Virtual Trivia
Globe League
Become a Host
Pub Owners
SporcleCon
Opinionation
Our Games
Videos
Blog
Mobile Apps
Partnerships
Remove Ads and Go Orange
Feedback
Sports
Athletes
MLB
NBA
NHL
NFL
Soccer
Sports Teams
WWE
NCAA
Football
Premier League
Basketball
Baseball
Hockey
Golf
Tennis
Cricket
Rugby
Auto Racing
Olympics
World Cup
Sports
Athletes
MLB
NBA
NHL
NFL
Soccer
Sports Teams
WWE
NCAA
Football
Premier League
Basketball
Baseball
Hockey
Golf
Tennis
Cricket
Rugby
Auto Racing
Olympics
World Cup
Random Quiz
Search Sporcle
×
Quiz Lab
Quiz Lab
Sports
WWE
Type in answers that appear in a list
Type in answers that appear in a list
Classic
Best Score? Go Orange.
Bash at the SummerSlam Stats
Can you name every wrestler to participate in a match at both WCW's Bash at the Beach and WWF/E's SummerSlam!
By
jerseyjoker
10m
40 Questions
1,051 Plays
1,051 Plays
1,051 Plays
Comments
Comments
Give Quiz Kudos
Give Quiz Kudos
-
- Ratings
hide this ad
Replay
Link that replays current quiz
Next Quiz
Link to next quiz in quiz playlist
You Got
0%
They Got
Avg Score
68%
Avg Friend Score
Upgrade to see
Score Distribution
Jump to the score distribution portion of the page
Score
0/40
Timer
10:00
0
Plays Today
First Bash
Wrestler
% Correct
1994
Hulk Hogan
96.6%
1996
Kevin Nash
92.5%
1996
Scott Hall
91.5%
1994
Ric Flair
91.1%
1995
Booker T
88%
1998
Eddie Guerrero
87.9%
1995
Randy Savage
87.5%
1998
Chavo Guerrero
87%
1996
Chris Benoit
86.6%
1998
Bret Hart
85.5%
1997
Chris Jericho
83%
1996
Rey Mysterio
82.5%
1996
Lex Luger
79.6%
1995
Diamond Dallas Page
78.8%
1997
Scott Steiner
78.8%
1997
Rick Steiner
78.5%
1994
Steve Austin
76.6%
1994
Vader
75.7%
1996
Big Show
75%
1998
Goldberg
75%
First Bash
Wrestler
% Correct
1994
Goldust
72.5%
1994
Mick Foley
68.8%
1997
Jeff Jarrett
68.5%
1994
Arn Anderson
68.1%
1999
Sid Vicious
64.2%
1994
Ricky Steamboat
60%
1994
William Regal
57.9%
1997
Kanyon
57%
1996
Earthquake
53.8%
1997
Mr. Perfect
52.9%
1995
Jim Duggan
52.7%
1995
Brian Knobbs
52.5%
1995
Jerry Sags
52%
1994
Big Bossman
51.3%
1994
Marc Mero
45.1%
1999
Bam Bam Bigelow
43.2%
2000
Brian Adams
42.9%
1999
Finlay
41.1%
1994
Paul Roma
36.3%
1995
Kamala
35.1%
Quiz Playlist
Details
Report
Send in Message
Add To Playlist
Classic:
Type in answers that appear in a list
Last Updated: Feb 11, 2024
Quiz Scoreboard
CHALLENGE
Sign Up to Join the Scoreboard
Show All
Scores
Hide
Comments
May contain spoilers
Recently Published
College Basketball Coaching Resumes
by pancakes188
Sports
9m
Billboard Blitz: Fleetwood Mac
by CooCooCachoo
Music
15s
Presidents Visiting Landmarks
by Hejman
History
7m
More to Explore
Quiz From the Vault
Featured Blog Post
Where Did the Easter Bunny Come From?
hide this ad
You Might Also Like...
Tags
WWE Quiz
beach
E Summerslam
PPV
PPV Career
PPV Matches
PPV Opponents
Summerslam
WCW
WCW Champions
WCW Nitro
WWF
Today's Top Quizzes in Sports
Browse Sports
hide this ad
Today's Top Quizzes in WWE
Browse WWE
Top Contributed Quizzes in Sports
1
2022 World Cup Stars
2
Les meilleurs buteurs des matchs entre le PSG et l’OM
3
FIFA Club World Cup Champions
4
Les entraîneurs de l'OM et du PSG au 21e siècle
5
Criteria MLB: Left Handed Sluggers
6
AFC Teams Reveal (Wrong Answers Minefield)
7
5-to-1: UK Sports Teams
8
5-to-1: FBS Animal Nicknames
9
2023 MLB Unique Player Accomplishments
10
Name the Premier League winners with different clubs
Explore More
Trending Topics
Harry Potter
Crossword
NBA
Disney
Marvel
Anime
Kpop
The Office
WWE
Soccer
Country
NFL
Pokémon
Song
Puzzle
hide this ad
More By:
jerseyjoker
Quiz
Plays
Rating
Category
Featured
Created
Every WWE/NXT Title Change during Asuka's Reign!
6,955
4.73
Sports
Aug 21, 2017
Match the Post-Credit Scene to the correct MCU Film!
5,413
4.69
Movies
Feb 16, 2018
Every Wrestler to Have a Match on a WWE and AEW PPV!
4,984
3.82
Sports
May 25, 2019
Match the Wrestling Quote to the Match!
4,567
4.57
Sports
Jun 29, 2019
From NXT Takeover to WWE WrestleMania
4,179
4.75
Sports
Apr 12, 2018
Go to Creator's Profile
Score Distribution
Quiz Creator Spotlight
jerseyjoker
Follow
Send a Message
Quizzes Created
-
Created Quiz Play Count
-
More By This Creator
Popular Quizzes Today
1
Find the US States - No Outlines Minefield
2
Find the Countries of Europe - No Outlines Minefield
3
The Countries of the World
4
Find the US States
5
Risky Map Clicking: Biggest States A-Z
6
US States
7
Popular People in 1961
8
Movies - When Are They Set?
More Sports Quizzes
NFL Football Helmets Created by AI Image Generator
Quiz Lab
Trending Quizzes
Risky Map Clicking: Least Populous States A-Z
1-10 Letter G Words
1-10 Letter F Words
Risky Map Clicking: Next State Alphabetically
Risky Map Clicking: Biggest States A-Z
Recently Updated
Leaping Animals
pecheneg
Reality TV Shows (A-Z)
bhenderson79
Rickey Henderson's Hall of Fame Teammates
pecheneg
Champions League XIs: Arsenal
pecheneg
Quick Pick: Celebrities in WWE's Hall of Fame
aduchscher
A-Z Keypad Blitz II
pecheneg
Multiple Oscar Actors
pecheneg
Mystery Phrase Blitz: Oscar 'Best Actors'
pecheneg
F. Scott Fitzgerald Novels
LTH
Pick 3 Villains
ddd62291
Trending Topics
Marvel
Harry Potter
NBA
Anime
Crossword
Disney
Kpop
WWE
Puzzle
The Office
NFL
Pokémon
Soccer
Song
Country
Your Account Isn't Verified!
In order to create a playlist on Sporcle, you need to verify the email address you used during registration. Go to your
Sporcle Settings
to finish the process.
Report this User
Report this user for behavior that violates our
Community Guidelines
.
Details:
Send Report
Go to the Sporcle.com Mobile Site →
Comments